Non-capital government locations - sudden death - Statistics

General Stats
  • This quiz has been taken 52 times
  • The average score is 2 of 15
Answers on the Grid
Answers color-coded by a green-red scale on the quiz's grid according to % correct below.
Canada
Haiti
Netherlands
Kazakhstan
Eswatini
Benin
Russia
Belgium
Chile
Burundi
Brazil
Israel
Spain
Madagascar
Kiribati
Egypt
India
Indonesia
Libya
Turkmenistan
Philippines
San Marino
Malaysia
Tuvalu
Palestine
Zimbabwe
Sudan
Bolivia
Micronesia
Switzerland
 
Answer Stats
Answer % Correct
The Hague Netherlands
91%
Cotonou Benin
38%
Ramallah (East Jerusalem is the declared capital) Palestine
18%
The seat of government is La Paz; Sucre is in fact the designated capital Bolivia
15%
Valparaíso Chile
15%
Lobamba Eswatini
15%
Bujumbura Burundi
12%
Tobruk Libya
9%
Nusantara is now the capital; Jakarta's status has been revoked by law no. 151/2024 but the governement is still there for now Indonesia
6%
Bairiki Kiribati
6%
Quezon City Philippines
6%
Omdurman Sudan
6%
Mount Hampden Zimbabwe
6%
Putrajaya Malaysia
3%
Vaiaku Tuvalu
3%
No matching quizzes found
Score Distribution
Percent of People with Each Score
Percentile by Number Answered
Your Score History
You have not taken this quiz